000 00278nam a22001337a 4500
008 170306b xxu||||| |||| 00| 0 eng d
020 _a9780801664144
041 _aeng
080 _a575
100 _a6
101 _ashm
245 _aMEDICAL GENETICS
_cJORDE
942 _2udc
_cBK
999 _c6783
_d6783